000
00342nam a2200145Ia 4500
008
150201s2008 xx 000 0 und d
082
_a
612.015
_b
C08M
100
_a
MAHESHWARI, NANDA
245
_a
CLINICAL BIOCHEMISTRY
250
_a
1ST
260
_b
JAYPEE
_a
DELHI
_c
2008
300
_a
1-201
650
_a
BIOCHEMISTRY
942
_2
ddc
_c
BK
_0
5
999
_c
1332
_d
1332